| 000 | 00612nam a2200145Ia 4500 | ||
|---|---|---|---|
| 008 | 170221s9999 xx 000 0 und d | ||
| 100 | _aNelya Alekseevna Korbukova | ||
| 245 | _aStudent's Sport as Indicator of Cultural Development of Society | ||
| 245 | _cNelya Alekseevna Korbukova, Evgenia Gennadyevna Podkopayeva, Svetlana Nikolaevna Lоktionova, Natalya Pavlovna Soltan, Irina Anatolyevna Budnikova | ||
| 260 | _bInternational Review of Management and Marketing | ||
| 260 | _cDecember 2012 | ||
| 300 | _a4:2 | ||
| 650 | _xMarketing. | ||
| 856 | _uhttp://www.econjournals.com/index.php/irmm/issue/view/75 | ||
| 999 |
_c310393 _d310393 |
||